000 00453nam a2200157Ia 4500
003 GCL
008 140319s9999 xx 000 0 ara d
040 _aGCL /
_cGCL
082 0 4 _aد
_b050
100 1 _aابراهيم دسوقى اباظه
245 1 0 _aكيف نبدا البناء ( اقرا 448 ) /
_cابراهيم دسوقى اباظه
300 _a176 ص
490 _aوثائق ونصوص
_v0
650 0 4 _aالسياسية
942 _2ddc
_cCF
999 _c27169
_d27169